000 00338pab a2200145 454500
008 180718b1983 xxu||||| |||| 00| 0 eng d
100 _aMachiraju, H.R.
245 _aThe central budget for 1983-84
_bAn assessment
260 _c1983
300 _a30-44
362 _aApr.
650 _aBudget - India
773 _aMargin
909 _a4772
999 _c4772
_d4772